00463nam a2200157 a 4500008004100000020001500041050001900056100002400075245006400099250001200163260004200175300002300217350000900240650002700249650002900276060424s1982 ||||||||||||||||| || u a0898741262 aNA 2542.T7 Fry aFry, Maxwell, 1899-10aTropical architecture in the dry and humid zones. (2nd ed.) a2nd ed. aMalabar :bR.E. Krieger Pub. Coc1982 axiv, 249 p. : ill. a0.00 aARCHITECTURE, TROPICAL 0aARCHITECTURE AND CLIMATE